000 002990000a22000970004500
100 1 _aSalinas, Daniel
245 1 0 _aHistorical perspective on evangelism and discipleship in Latin America
300 _aVol.86, núm.1 (March-june, 2006), Páginas 6-7
773 0 _tLatin America Evangelist
942 _cANA
999 _c61351
_d61351